[Event "XXXI Festival A"]
[Site "Arco ITA"]
[Date "2009.10.21"]
[Round "6"]
[White "Knors, Rudi"]
[Black "Vezzosi, Paolo"]
[Result "1/2-1/2"]
[WhiteElo "2113"]
[BlackElo "2381"]
[PlyCount "93"]
[EventDate "2009.10.17"]

1. e4 d6 2. d4 g6 3. Nc3 Bg7 4. Be3 Nf6 5. f3 c6 6. Qd2 b5 7. Nge2 Nbd7 8. a4
b4 9. Nd1 a5 10. c3 c5 11. Nc1 O-O 12. Be2 Qc7 13. O-O Bb7 14. Bh6 Bxh6 15.
Qxh6 cxd4 16. cxd4 Rfc8 17. Qd2 Nb6 18. Ne3 Qd7 19. Bb5 Bc6 20. Bxc6 Qxc6 21.
d5 Qe8 22. Qd1 Nfd7 23. Nd3 Nc5 24. b3 Nxd3 25. Qxd3 Rc3 26. Qd4 Nd7 27. f4 Nc5
28. Rae1 Nxb3 29. Qd1 Qf8 30. e5 Nc5 31. exd6 exd6 32. f5 Nd3 33. fxg6 hxg6 34.
Ng4 Ne5 35. Nf6+ Kg7 36. Qd2 Qh8 37. Qg5 Qh6 38. Qxh6+ Kxh6 39. Ne4 Rd3 40.
Nxd6 Rxd5 41. Rxe5 Rxd6 42. Rxf7 Rd4 43. Rb7 b3 44. Rxb3 Rxa4 45. h3 Rf8 46.
Re6 Ra2 47. Rbb6 1/2-1/2

[Event "XXXI Festival A"]
[Site "Arco ITA"]
[Date "2009.10.21"]
[Round "6"]
[White "Koenig, Joel"]
[Black "Pisani, Valerio"]
[Result "0-1"]
[WhiteElo "1884"]
[BlackElo "1789"]
[PlyCount "62"]
[EventDate "2009.10.17"]

1. Nc3 d5 2. d4 Bf5 3. Nf3 e6 4. Bf4 a6 5. e3 Bd6 6. Bd3 Bg6 7. Bxg6 hxg6 8.
Ne5 Nf6 9. Qd3 Nc6 10. O-O-O Bxe5 11. Bxe5 Nxe5 12. dxe5 Ng4 13. Rd2 Nxe5 14.
Qd4 f6 15. e4 Nc6 16. Qc5 d4 17. f4 e5 18. Nd5 Qd7 19. g4 O-O-O 20. f5 Rh4 21.
Re1 Rxg4 22. Rf2 gxf5 23. c4 fxe4 24. b4 b6 25. Qxc6 Qxc6 26. Ne7+ Kd7 27. Nxc6
Kxc6 28. a4 d3 29. Kd2 Rd4 30. Rc1 Rf4 31. Rg2 g5 0-1

[Event "XXXI Festival A"]
[Site "Arco ITA"]
[Date "2009.10.21"]
[Round "6"]
[White "Lezzerini, Marco"]
[Black "Kummer, Heinz"]
[Result "1/2-1/2"]
[WhiteElo "1587"]
[BlackElo "1863"]
[PlyCount "56"]
[EventDate "2009.10.17"]

1. d4 g6 2. Bf4 Bg7 3. e3 d5 4. Nf3 Bg4 5. c3 Nf6 6. h3 Bxf3 7. Qxf3 Nbd7 8.
Nd2 O-O 9. Bd3 Re8 10. O-O e5 11. dxe5 Nxe5 12. Bxe5 Rxe5 13. Qd1 Qd6 14. Qb3
b6 15. Be2 c5 16. Rad1 Rae8 17. Qa3 Qc7 18. Rfe1 Bf8 19. Qa4 c4 20. Nf3 R5e7
21. Nd4 Rd7 22. Qc6 Qd8 23. Bf3 Bc5 24. Rd2 Rd6 25. Qa4 a5 26. Red1 Ne4 27.
Bxe4 Rxe4 28. Ne2 Re5 1/2-1/2

[Event "XXXI Festival A"]
[Site "Arco ITA"]
[Date "2009.10.21"]
[Round "6"]
[White "Manca, Federico"]
[Black "Arakhamia-Grant, Ketevan"]
[Result "0-1"]
[WhiteElo "2356"]
[BlackElo "2499"]
[PlyCount "42"]
[EventDate "2009.10.17"]

1. e4 c5 2. Nf3 e6 3. c3 d5 4. e5 d4 5. Bd3 Bd7 6. O-O Bc6 7. Na3 Ne7 8. Re1
Ng6 9. cxd4 cxd4 10. Be4 d3 11. Qb3 Nf4 12. Bxc6+ Nxc6 13. Qxb7 Rc8 14. Re4
Ne2+ 15. Kf1 Bxa3 16. bxa3 O-O 17. Rc4 Qd5 18. Qa6 Rc7 19. Qa4 Nxe5 20. Rxc7
Nxf3 21. gxf3 Qe5 0-1

[Event "XXXI Festival A"]
[Site "Arco ITA"]
[Date "2009.10.21"]
[Round "6"]
[White "Marcori, Mirko"]
[Black "Bottesi, Gianluca"]
[Result "1/2-1/2"]
[WhiteElo "1878"]
[BlackElo "1559"]
[PlyCount "88"]
[EventDate "2009.10.17"]

1. d4 Nf6 2. Nf3 g6 3. Bf4 Bg7 4. e3 O-O 5. Bd3 b6 6. c4 Bb7 7. Nc3 d6 8. d5
Nbd7 9. e4 Re8 10. O-O e5 11. Be3 Nc5 12. Bc2 a5 13. Qd2 Ba6 14. b3 Qd7 15. h3
b5 16. Bxc5 dxc5 17. cxb5 Bxb5 18. Nxb5 Qxb5 19. Bd3 Qb4 20. Rfe1 Rad8 21. Qxb4
cxb4 22. Rac1 Re7 23. Rc5 Ra8 24. Rec1 a4 25. Rxc7 Rxc7 26. Rxc7 Ne8 27. Rb7
axb3 28. axb3 Ra1+ 29. Kh2 Bf8 30. Rb8 Nf6 31. Nxe5 Kg7 32. Nc4 Nd7 33. Rd8 Nc5
34. Bc2 Rc1 35. Ne3 Be7 36. Re8 Bg5 37. d6 Bxe3 38. fxe3 Rxc2 39. Rc8 Rc3 40.
e5 Nd7 41. Re8 Rxb3 42. Re7 Rxe3 43. Rxd7 Rxe5 44. Rb7 Rd5 1/2-1/2

[Event "XXXI Festival A"]
[Site "Arco ITA"]
[Date "2009.10.21"]
[Round "6"]
[White "Marini, Lucio"]
[Black "Mondon, Fabrice"]
[Result "1-0"]
[WhiteElo "1884"]
[BlackElo "2029"]
[PlyCount "71"]
[EventDate "2009.10.17"]

1. d4 Nf6 2. c4 e6 3. Nc3 Bb4 4. Qc2 d5 5. e3 c5 6. Nf3 Nc6 7. cxd5 exd5 8. Bb5
O-O 9. O-O c4 10. Bxc6 bxc6 11. Ne5 Qc7 12. b3 Bd6 13. bxc4 Bxe5 14. dxe5 Qxe5
15. f4 Qh5 16. cxd5 cxd5 17. Qe2 Qf5 18. Ba3 Re8 19. Bc5 a5 20. Qd2 Ba6 21. Rf3
Rec8 22. Bd4 Ne4 23. Nxe4 dxe4 24. Rg3 f6 25. Qb2 Rab8 26. Qa3 Kf7 27. Qd6 Bd3
28. h4 h5 29. Kh2 Rb4 30. a3 Rbc4 31. Qb6 R4c6 32. Qb7+ R6c7 33. Qb3+ Bc4 34.
Qb6 Bd3 35. Qb3+ Qe6 36. Rxg7+ 1-0

[Event "XXXI Festival A"]
[Site "Arco ITA"]
[Date "2009.10.21"]
[Round "6"]
[White "Mazza, Maurizio"]
[Black "Gandolfi, Gianfranco"]
[Result "0-1"]
[WhiteElo "1677"]
[BlackElo "1861"]
[PlyCount "62"]
[EventDate "2009.10.17"]

1. e4 e5 2. Nf3 Nc6 3. d4 exd4 4. Nxd4 Qh4 5. Nc3 Bb4 6. Qd3 Nf6 7. Bd2 Bxc3 8.
Bxc3 Qxe4+ 9. Be2 Qxd3 10. Bxd3 Nxd4 11. Bxd4 d6 12. O-O Be6 13. Rfe1 O-O-O 14.
c4 c5 15. Be3 Ng4 16. Bf4 Ne5 17. Bf1 Nc6 18. b3 h6 19. h3 Rhe8 20. Rad1 Nd4
21. Rd2 g5 22. Bh2 f5 23. Bd3 f4 24. Bg6 Bf7 25. Rxe8 Rxe8 26. Bd3 Re1+ 27. Bf1
f3 28. Rxd4 cxd4 29. Bxd6 d3 30. Bb4 Rd1 31. gxf3 d2 0-1

[Event "XXXI Festival A"]
[Site "Arco ITA"]
[Date "2009.10.21"]
[Round "6"]
[White "Morselli, Stefano"]
[Black "Schrott, Ernst"]
[Result "1/2-1/2"]
[WhiteElo "1921"]
[BlackElo "2059"]
[PlyCount "90"]
[EventDate "2009.10.17"]

1. Nf3 c5 2. g3 d5 3. Bg2 Nc6 4. d3 Nf6 5. O-O g6 6. Nbd2 Bg7 7. Re1 O-O 8. e4
dxe4 9. dxe4 e5 10. b3 Bg4 11. Bb2 Qc7 12. h3 Be6 13. c3 h6 14. Qc2 a5 15. Rad1
Rfd8 16. Nf1 c4 17. Ne3 cxb3 18. axb3 Qb6 19. c4 Nh5 20. Nd5 Qa7 21. Kh2 Kh7
22. g4 Nf4 23. Nxf4 exf4 24. Bxg7 Kxg7 25. Qc3+ Kh7 26. Qf6 Rxd1 27. Rxd1 Qxf2
28. Qxf4 Qc2 29. Rd7 Nd8 30. Nd4 Qb2 31. Nxe6 Nxe6 32. Qxf7+ Ng7 33. Rxb7 Qe5+
34. Kg1 Rd8 35. Qf3 Qa1+ 36. Kh2 Rd1 37. Qf4 Qd4 38. h4 Qg1+ 39. Kh3 Rd3+ 40.
Bf3 Qh1+ 41. Kg3 Qg1+ 42. Kh3 Qh1+ 43. Kg3 Qe1+ 44. Kh3 Qf2 45. Rf7 Qf1+
1/2-1/2

[Event "XXXI Festival A"]
[Site "Arco ITA"]
[Date "2009.10.21"]
[Round "6"]
[White "Mulone, Gaspare"]
[Black "Stolfa, Rodolfo"]
[Result "1/2-1/2"]
[WhiteElo "1394"]
[BlackElo "1886"]
[PlyCount "114"]
[EventDate "2009.10.17"]

1. e4 e5 2. Nf3 Nc6 3. d4 exd4 4. Nxd4 Bc5 5. Be3 Qe7 6. f3 d5 7. Nxc6 bxc6 8.
Bxc5 Qxc5 9. exd5 cxd5 10. Qe2+ Ne7 11. Qb5+ Qxb5 12. Bxb5+ c6 13. Bd3 Bf5 14.
Bxf5 Nxf5 15. O-O Ne3 16. Re1 d4 17. c3 O-O 18. Na3 c5 19. cxd4 cxd4 20. Re2
Rab8 21. Rc1 Rfc8 22. Rxc8+ Rxc8 23. Rd2 Rd8 24. b3 h5 25. Kf2 g5 26. Nb5 Nf5
27. Nxa7 Rd5 28. b4 Nd6 29. a4 f5 30. Nc6 Kf7 31. Rxd4 Ke6 32. Ke3 Rxd4 33.
Nxd4+ Kd5 34. Kd3 f4 35. b5 Nc4 36. Kc3 g4 37. Ne6 Ne3 38. Nxf4+ Ke5 39. b6
Nxg2 40. Nxh5 gxf3 41. Ng3 Kd6 42. Kd4 Kc6 43. a5 f2 44. Nf1 Nf4 45. h4 Ne6+
46. Kc4 Nc5 47. h5 Nb7 48. Kb4 Nd6 49. h6 Nf7 50. h7 Nh8 51. Kc4 Nf7 52. Kd4
Kd6 53. b7 Kc7 54. a6 Kb8 55. Kd5 Kc7 56. Ke6 Ng5+ 57. Ke5 Nxh7 1/2-1/2

[Event "XXXI Festival A"]
[Site "Arco ITA"]
[Date "2009.10.21"]
[Round "6"]
[White "Paggiaro, Luca"]
[Black "Giaracuni, Claudio"]
[Result "0-1"]
[WhiteElo "2049"]
[BlackElo "1771"]
[PlyCount "122"]
[EventDate "2009.10.17"]

1. e4 e6 2. d4 d5 3. Nc3 Bb4 4. e5 c5 5. a3 Bxc3+ 6. bxc3 Qc7 7. Nf3 Nc6 8. Be2
Nge7 9. O-O Bd7 10. Rb1 Ng6 11. Bg5 h6 12. Be3 c4 13. Bc1 f6 14. Ne1 O-O-O 15.
f4 Qa5 16. Qd2 Rdf8 17. Nf3 fxe5 18. fxe5 Nf4 19. Bb2 Be8 20. a4 Nxe2+ 21. Qxe2
Bh5 22. Ba3 Rf5 23. Qe3 Qxa4 24. Bd6 Qxc2 25. Rfe1 Qd3 26. Qxd3 cxd3 27. Kf2 g5
28. h3 Bxf3 29. gxf3 Rh7 30. Red1 h5 31. Rxd3 g4 32. hxg4 hxg4 33. Rg1 gxf3 34.
Rg8+ Kd7 35. Rxf3 Rxf3+ 36. Kxf3 Rh3+ 37. Rg3 Rxg3+ 38. Kxg3 a5 39. Kf3 Ne7 40.
Ke2 Nf5 41. Bc5 Kc6 42. Kd3 Ng7 43. Kc2 Ne8 44. Kb3 Kb5 45. Be7 Nc7 46. Bd6 Na6
47. Bf8 a4+ 48. Kc2 Kc4 49. Bd6 b5 50. Kb2 b4 51. cxb4 Nxb4 52. Ka3 Nc2+ 53.
Kxa4 Nxd4 54. Ka3 Nc6 55. Kb2 Kd4 56. Kc2 Nxe5 57. Bf8 Nf3 58. Bg7+ e5 59. Kd1
Kd3 60. Bf8 e4 61. Bb4 e3 0-1

[Event "XXXI Festival A"]
[Site "Arco ITA"]
[Date "2009.10.21"]
[Round "6"]
[White "Pieri, Enzo"]
[Black "Hasberger, Walter"]
[Result "0-1"]
[WhiteElo "1812"]
[BlackElo "1894"]
[PlyCount "74"]
[EventDate "2009.10.17"]

1. d4 d5 2. Nf3 Nf6 3. e3 Bg4 4. h3 Bh5 5. Bd3 e6 6. Nbd2 Bd6 7. e4 dxe4 8.
Nxe4 Nxe4 9. Bxe4 c6 10. Be3 Nd7 11. O-O Bg6 12. Bd3 Nf6 13. c4 Be7 14. Ne5
Bxd3 15. Qxd3 O-O 16. Rad1 Qc7 17. Qc2 Rfd8 18. a3 b6 19. Kh1 Rac8 20. f4 c5
21. dxc5 Bxc5 22. Bxc5 Qxc5 23. b4 Qc7 24. c5 bxc5 25. bxc5 Nd5 26. Qa4 Qxc5
27. Rc1 Qxc1 28. Rxc1 Rxc1+ 29. Kh2 Rc7 30. Qa5 Rdc8 31. f5 Nf4 32. fxe6 Nxe6
33. Qa4 g6 34. Qe4 Rd8 35. Nc6 Rd6 36. Ne5 Rd4 37. Qe3 Kg7 0-1

[Event "XXXI Festival A"]
[Site "Arco ITA"]
[Date "2009.10.21"]
[Round "6"]
[White "Rampini, Carlo"]
[Black "Casagrande, Fabio"]
[Result "0-1"]
[WhiteElo "1820"]
[BlackElo "2011"]
[PlyCount "112"]
[EventDate "2009.10.17"]

1. e4 e6 2. d3 d5 3. Nd2 Nf6 4. Ngf3 b6 5. e5 Nfd7 6. d4 c5 7. c3 Ba6 8. Bxa6
Nxa6 9. O-O Be7 10. Re1 cxd4 11. cxd4 Nb4 12. a3 Nd3 13. Re3 Nf4 14. Nf1 Ng6
15. Bd2 O-O 16. Rc1 Rc8 17. Rec3 Rxc3 18. Rxc3 f6 19. Rc6 Nb8 20. Rc1 fxe5 21.
Nxe5 Nxe5 22. dxe5 Bc5 23. Be3 Nd7 24. Qg4 Qe7 25. Bxc5 bxc5 26. f4 Qf7 27. g3
Kh8 28. h4 h6 29. Rc2 Nxe5 30. Qe2 Nd7 31. Nh2 Qf5 32. Rc1 Rb8 33. Rc3 Qb1+ 34.
Nf1 Qxb2 35. Rc2 Qd4+ 36. Kh2 Re8 37. Qb5 Nf6 38. Qxc5 Qd3 39. Kg1 e5 40. Rc3
Qg6 41. fxe5 Ne4 42. Qd4 Nxc3 43. Qxc3 Qe4 44. Qc5 d4 45. Qxa7 Rxe5 46. a4 d3
47. Qf2 Kh7 48. Qd2 Rc5 49. Ne3 Qd4 50. Kg2 Re5 51. Kf3 Qe4+ 52. Kf2 Re7 53. a5
Rf7+ 54. Kg1 Rf3 55. Nf1 Qe2 56. Qc1 Qf2+ 0-1

[Event "XXXI Festival A"]
[Site "Arco ITA"]
[Date "2009.10.21"]
[Round "6"]
[White "Rigo, Marco"]
[Black "Roversi, Stefano"]
[Result "1/2-1/2"]
[WhiteElo "1908"]
[BlackElo "1824"]
[PlyCount "108"]
[EventDate "2009.10.17"]

1. d4 Nf6 2. Bg5 e6 3. e3 Be7 4. Bd3 c5 5. c3 cxd4 6. exd4 Nd5 7. Bxe7 Qxe7 8.
Qf3 Nc6 9. Ne2 O-O 10. Qh3 f5 11. O-O Rf6 12. Nd2 Rh6 13. Qg3 d6 14. f4 Bd7 15.
Nf3 Ne3 16. Rf2 Ng4 17. Rff1 Ne3 18. Rf2 Rg6 19. Qh4 Rf8 20. Qxe7 Nxe7 21. c4
Bc6 22. Ng3 Ng4 23. Rff1 Rh6 24. h3 Ne3 25. Rfe1 Nxg2 26. Kxg2 Ng6 27. Kf2 Nxf4
28. Bf1 Nxh3+ 29. Bxh3 Rxh3 30. Rxe6 Bxf3 31. Kxf3 f4 32. Rg1 fxg3+ 33. Kg4 Rh6
34. Re7 Rg6+ 35. Kh3 Rf2 36. Rg2 Rh6+ 37. Kxg3 Rxg2+ 38. Kxg2 Rh4 39. c5 Rxd4
40. cxd6 Rxd6 41. Rxb7 Rb6 42. Rxa7 Rxb2+ 43. Kg3 h6 44. a4 Ra2 45. Kg4 Kh7 46.
a5 Rg2+ 47. Kh5 Rh2+ 48. Kg4 Rg2+ 49. Kh5 Rg5+ 50. Kh4 Kg6 51. Ra6+ Kf5 52. Ra8
Rg4+ 53. Kh5 Rg5+ 54. Kh4 Rg4+ 1/2-1/2

[Event "XXXI Festival A"]
[Site "Arco ITA"]
[Date "2009.10.21"]
[Round "6"]
[White "Salati, Paolo"]
[Black "Matei, Bogdan Stefan"]
[Result "0-1"]
[WhiteElo "1866"]
[BlackElo "1707"]
[PlyCount "94"]
[EventDate "2009.10.17"]

1. e4 c6 2. d4 d5 3. exd5 cxd5 4. Nf3 Bf5 5. Bd3 Bxd3 6. Qxd3 e6 7. O-O Nf6 8.
Bg5 Be7 9. Nbd2 O-O 10. Ne5 a6 11. a4 Nc6 12. Nxc6 bxc6 13. Nf3 h6 14. Bh4 Nd7
15. Bg3 c5 16. Ne5 Nxe5 17. Bxe5 c4 18. Qe2 Bd6 19. f4 Rb8 20. c3 Bxe5 21. fxe5
Qb6 22. Rf2 Rb7 23. Qc2 Rfb8 24. Ra2 Qb3 25. Qxb3 Rxb3 26. Kf1 Kf8 27. Ke1 Ke7
28. Kd1 f5 29. h4 g5 30. hxg5 hxg5 31. Kc2 Rh8 32. Ra1 Rh2 33. Raf1 Rb8 34. Kb1
Rbh8 35. Ka2 a5 36. Kb1 g4 37. Kc2 Kf7 38. Kd2 Kg6 39. Ke3 Kg5 40. Rg1 Rb8 41.
Re2 f4+ 42. Kf2 f3 43. Rd2 Kf4 44. Ke1 g3 45. gxf3 Rxd2 46. Kxd2 Rxb2+ 47. Kc1
Rf2 0-1

[Event "XXXI Festival A"]
[Site "Arco ITA"]
[Date "2009.10.21"]
[Round "6"]
[White "Savarese, Vincenzo"]
[Black "Tovazzi, Maurizio"]
[Result "0-1"]
[WhiteElo "1810"]
[BlackElo "1643"]
[PlyCount "32"]
[EventDate "2009.10.17"]

1. e4 e5 2. Nf3 d6 3. d4 exd4 4. Nxd4 Nf6 5. Nc3 a6 6. a4 Nbd7 7. Bc4 Ne5 8.
Ba2 Bg4 9. f3 Bh5 10. O-O Qd7 11. Be3 Be7 12. Nf5 O-O 13. Qe1 Bg6 14. Nxe7+
Qxe7 15. Qh4 h6 16. Nd5 Nxd5 0-1

[Event "XXXI Festival A"]
[Site "Arco ITA"]
[Date "2009.10.21"]
[Round "6"]
[White "Schaberg, Wolfgang"]
[Black "Helbig, Dieter"]
[Result "1-0"]
[WhiteElo "1943"]
[BlackElo "1858"]
[PlyCount "87"]
[EventDate "2009.10.17"]

1. e4 c5 2. Nf3 Nc6 3. d4 cxd4 4. Nxd4 g6 5. c4 Bg7 6. Be3 Nf6 7. Nc3 Qa5 8.
Nb3 Qd8 9. Be2 O-O 10. O-O d6 11. h3 Ne5 12. Nd4 a6 13. Qd2 Bd7 14. f4 Nc6 15.
Nf3 Rc8 16. g4 Na5 17. e5 Ne8 18. Nd5 Nxc4 19. Bxc4 Rxc4 20. Bb6 Qa8 21. b3 Re4
22. Ng5 Rxe5 23. fxe5 Bxe5 24. Nxe7+ Kg7 25. Rae1 h6 26. Nf3 Bf6 27. Nd5 Bd8
28. Qd4+ f6 29. Bxd8 Qxd8 30. Re7+ Rf7 31. Rxf7+ Kxf7 32. Nd2 f5 33. Nf3 Ng7
34. gxf5 gxf5 35. Ne3 Be6 36. Rf2 Nh5 37. Qh4 Qxh4 38. Nxh4 Kf6 39. Nhxf5 Ke5
40. Ng4+ Kd5 41. Rd2+ Kc5 42. Nxd6 Bd5 43. Nf5 Nf4 44. Nge3 1-0

[Event "XXXI Festival A"]
[Site "Arco ITA"]
[Date "2009.10.21"]
[Round "6"]
[White "Sigmund, Ingenuin"]
[Black "Traversi, Carlo"]
[Result "1-0"]
[WhiteElo "1825"]
[BlackElo "1725"]
[PlyCount "57"]
[EventDate "2009.10.17"]

1. e4 Nc6 2. d4 e5 3. d5 Nce7 4. c4 d6 5. Nc3 Ng6 6. Bd3 Be7 7. Nge2 a6 8. Be3
Bg5 9. Qd2 Bxe3 10. Qxe3 N8e7 11. O-O f5 12. f4 fxe4 13. Nxe4 O-O 14. fxe5 Nxe5
15. Rxf8+ Qxf8 16. Rf1 Qe8 17. Ng5 N7g6 18. Nd4 Bd7 19. Nde6 Bxe6 20. Nxe6 Nxd3
21. Qxd3 Rc8 22. h4 Qe7 23. g3 Nf8 24. Ng5 g6 25. Kg2 Re8 26. Rf2 h6 27. Rxf8+
Qxf8 28. Qxg6+ Kh8 29. Qh7# 1-0

[Event "XXXI Festival A"]
[Site "Arco ITA"]
[Date "2009.10.21"]
[Round "6"]
[White "Sprea, Giuseppe"]
[Black "Nania, Alberto"]
[Result "1-0"]
[WhiteElo "2018"]
[BlackElo "1704"]
[PlyCount "83"]
[EventDate "2009.10.17"]

1. d4 Nf6 2. c4 g6 3. Nc3 Bg7 4. e4 d6 5. Nf3 O-O 6. Be2 e5 7. O-O Nc6 8. d5
Ne7 9. Ne1 Ne8 10. Be3 f5 11. f3 f4 12. Bf2 g5 13. b4 Ng6 14. c5 Rf7 15. cxd6
cxd6 16. Rc1 Bf8 17. a4 h5 18. Nb5 Nf6 19. Bxa7 g4 20. a5 g3 21. Bb6 Qe7 22.
Nc7 Nd7 23. Nxa8 Qh4 24. h3 Nc5 25. Bb5 Bxh3 26. gxh3 Qxh3 27. Rc2 Nh4 28. bxc5
Rg7 29. Qe2 dxc5 30. Bc4 Bd6 31. Bd8 Ng6 32. Nb6 h4 33. Qg2 Qxg2+ 34. Kxg2 Rh7
35. Rh1 Kf7 36. Nc8 Bf8 37. d6+ Ke8 38. Bc7 Rxc7 39. dxc7 Kd7 40. Be6+ Kxc7 41.
Nd3 Kc6 42. Bf5 1-0

[Event "XXXI Festival A"]
[Site "Arco ITA"]
[Date "2009.10.21"]
[Round "6"]
[White "Terna, Giovanni"]
[Black "Grom, Waldemar"]
[Result "1-0"]
[WhiteElo "1766"]
[BlackElo "1957"]
[PlyCount "53"]
[EventDate "2009.10.17"]

1. Nf3 c5 2. g3 e6 3. Bg2 d5 4. d3 Nf6 5. O-O Nc6 6. Nbd2 Be7 7. c3 O-O 8. e4
Qc7 9. Qe2 Re8 10. e5 Nd7 11. Re1 b6 12. a3 Ba6 13. Nf1 Na5 14. Bf4 Nb3 15.
Rad1 Rad8 16. h4 Nf8 17. h5 b5 18. N1h2 d4 19. Ng4 dxc3 20. Nf6+ gxf6 21. exf6
Bd6 22. Ne5 Ng6 23. Qg4 Bxe5 24. Bxe5 Qd7 25. bxc3 Kh8 26. hxg6 Bb7 27. Qh5 1-0

[Event "XXXI Festival A"]
[Site "Arco ITA"]
[Date "2009.10.21"]
[Round "6"]
[White "Thompson, Edward Nii Lamptey"]
[Black "Battiston, Claudio"]
[Result "0-1"]
[WhiteElo "1818"]
[BlackElo "1983"]
[PlyCount "108"]
[EventDate "2009.10.17"]

1. e4 Nf6 2. d3 e5 3. Nf3 Nc6 4. g3 Bc5 5. Bg2 d6 6. O-O O-O 7. Nbd2 Be6 8. c3
a5 9. h3 Qe7 10. Qa4 Bd7 11. Qc2 Nh5 12. Kh2 Rae8 13. Nc4 b5 14. Ne3 g6 15. Nd5
Qd8 16. Bh6 Ng7 17. Bg5 f6 18. Bh6 Rf7 19. Rad1 Ne6 20. Bc1 Ba7 21. Be3 Bxe3
22. Nxe3 Ng5 23. Nh4 Qc8 24. g4 Ne6 25. Nd5 Ne7 26. Ne3 Nf4 27. Bf3 Kg7 28. Rg1
Rh8 29. Rg3 Kf8 30. Bg2 h5 31. g5 fxg5 32. Nf3 Nxg2 33. Kxg2 h4 34. Rg4 Bxg4
35. Nxg4 Rf4 36. Nfh2 Kg7 37. f3 Qe6 38. a3 Rhf8 39. Qf2 c5 40. Qe3 Ng8 41. d4
Qb3 42. Rd2 cxd4 43. cxd4 Qe6 44. dxe5 dxe5 45. Qa7+ R4f7 46. Qxa5 Nf6 47. Nxf6
Qxf6 48. Qc3 Qf4 49. Rd5 Qg3+ 50. Kh1 Qxh3 51. Rxe5 Kh7 52. Rd5 Rxf3 53. Rd7+
Qxd7 54. Nxf3 Qh3+ 0-1

[Event "XXXI Festival A"]
[Site "Arco ITA"]
[Date "2009.10.21"]
[Round "6"]
[White "Thurner, Markus"]
[Black "Burani, Eugenio"]
[Result "1/2-1/2"]
[WhiteElo "1728"]
[BlackElo "1948"]
[PlyCount "112"]
[EventDate "2009.10.17"]

1. f4 c5 2. Nf3 Nc6 3. e4 d6 4. Nc3 Nf6 5. Be2 e6 6. O-O Be7 7. b3 a6 8. h3 b5
9. d3 Bb7 10. g4 Qb6 11. Kh2 Nd7 12. g5 Qc7 13. Qe1 Nd4 14. Bd1 Nc6 15. a4 b4
16. Ne2 Nd8 17. Bb2 f6 18. Qg3 Nf7 19. g6 hxg6 20. Qxg6 Rg8 21. Ng3 Nf8 22. Qg4
O-O-O 23. Nd2 Nh6 24. Qe2 Nd7 25. Qf2 Rdf8 26. f5 exf5 27. exf5 d5 28. Kg1 g6
29. Qf4 Bd6 30. Qxh6 Bxg3 31. fxg6 d4 32. Bf3 Rh8 33. Qg7 Be5 34. Nc4 Rhg8 35.
Qh7 Rh8 36. Qe7 Re8 37. g7 Rhg8 38. Qf7 f5 39. Nxe5 Nxe5 40. Bxb7+ Kxb7 41.
Qxc7+ Kxc7 42. Rxf5 Rxg7+ 43. Kf2 Rge7 44. Rg1 Nxd3+ 45. cxd3 Re2+ 46. Kf3
R8e3+ 47. Kf4 Rxb2 48. Rxc5+ Kd6 49. Rc4 Rf2+ 50. Kg4 Rxd3 51. h4 Rxb3 52.
Rxd4+ Ke5 53. Rd8 Rf4+ 54. Kg5 Rf5+ 55. Kg4 Rf4+ 56. Kg5 Rf5+ 1/2-1/2

[Event "XXXI Festival A"]
[Site "Arco ITA"]
[Date "2009.10.21"]
[Round "6"]
[White "Trauth, Michael"]
[Black "Niccoli, Paolo"]
[Result "1-0"]
[WhiteElo "2185"]
[BlackElo "1947"]
[PlyCount "58"]
[EventDate "2009.10.17"]

1. Nf3 Nf6 2. c4 g6 3. g3 Bg7 4. Bg2 O-O 5. Nc3 d6 6. O-O e5 7. d3 Nc6 8. Rb1
a5 9. a3 h6 10. b4 axb4 11. axb4 Be6 12. b5 Ne7 13. Bb2 Qd7 14. Re1 Bh3 15. Bh1
Ng4 16. Qb3 Kh7 17. Ne4 f5 18. Neg5+ hxg5 19. Nxg5+ Kh8 20. Nxh3 c6 21. Ra1
Rxa1 22. Rxa1 f4 23. Bg2 fxg3 24. hxg3 Nf5 25. Ra7 Qc8 26. bxc6 bxc6 27. Qb7
Qxb7 28. Rxb7 Nf6 29. Bxc6 Kg8 1-0

[Event "XXXI Festival A"]
[Site "Arco ITA"]
[Date "2009.10.21"]
[Round "6"]
[White "Trimarchi, Giuseppe"]
[Black "Bondielli, Giorgio"]
[Result "1/2-1/2"]
[WhiteElo "1722"]
[BlackElo "1922"]
[PlyCount "116"]
[EventDate "2009.10.17"]

1. e4 e5 2. Nf3 Nf6 3. Nxe5 d6 4. Nf3 Nxe4 5. d4 d5 6. Bd3 Bd6 7. c4 c6 8. cxd5
cxd5 9. O-O O-O 10. Nc3 Nxc3 11. bxc3 Bg4 12. h3 Bh5 13. g4 Bg6 14. Re1 Re8 15.
Bxg6 hxg6 16. Rb1 b6 17. Bd2 Nd7 18. Kg2 Nf6 19. Ne5 Rc8 20. f3 Qc7 21. g5 Nh5
22. f4 Re7 23. Qf3 Bxe5 24. Rxe5 Rxe5 25. fxe5 Qd7 26. Rf1 Qe6 27. Qd1 b5 28.
Qb3 a6 29. a4 Qc6 30. axb5 axb5 31. Rb1 Rb8 32. Qb4 Qa6 33. Rb2 Qa1 34. Qb3 Qa6
35. Qxd5 b4 36. Qf3 Qa1 37. Rxb4 Rxb4 38. cxb4 Qxd4 39. Qe3 Qd5+ 40. Kh2 Qc6
41. Be1 Qc4 42. Qd2 Nf4 43. Bg3 Nd5 44. Be1 Kh7 45. Kg1 Qe4 46. b5 Qxe5 47. Bf2
Qe6 48. Kh2 Qd6+ 49. Bg3 Qc5 50. Qb2 Nb6 51. h4 Nc4 52. Qb3 Qd4 53. Qb4 Qe4 54.
b6 Qe2+ 55. Kg1 Ne3 56. Qe4 Qf1+ 57. Kh2 Qe2+ 58. Kh3 Qf1+ 1/2-1/2

[Event "XXXI Festival A"]
[Site "Arco ITA"]
[Date "2009.10.21"]
[Round "6"]
[White "Virzi, Ettore"]
[Black "Kierzek, Matthias"]
[Result "0-1"]
[WhiteElo "1986"]
[BlackElo "2154"]
[PlyCount "97"]
[EventDate "2009.10.17"]

1. e4 c6 2. d4 d5 3. exd5 cxd5 4. c4 Nf6 5. Nc3 g6 6. Qb3 Bg7 7. cxd5 O-O 8.
Be2 Nbd7 9. Bf3 Nb6 10. Nge2 Bf5 11. Bg5 Bd3 12. Rd1 Bc4 13. Qc2 Nbxd5 14. O-O
Rc8 15. Qd2 b5 16. Rfe1 Qd7 17. Nxd5 Bxd5 18. Bxf6 Bxf6 19. Bxd5 Qxd5 20. Nc3
Qc4 21. Ne4 Bg7 22. b3 Qc2 23. Nc5 Qxd2 24. Rxd2 Rfd8 25. Red1 e5 26. b4 Rxd4
27. Rxd4 exd4 28. Kf1 a5 29. a3 axb4 30. axb4 Bf8 31. Nb3 Bxb4 32. Nxd4 Rd8 33.
Ke2 Rd5 34. Kd3 Bc5 35. Ke4 Rd7 36. Rd3 f5+ 37. Ke5 Kf7 38. Rd2 Rxd4 39. Rxd4
Bxd4+ 40. Kxd4 Ke6 41. Kc5 Ke5 42. Kxb5 Kd4 43. h4 Kd3 44. Kc5 Ke2 45. f4 Kf2
46. Kd5 Kxg2 47. Ke5 Kg3 48. h5 Kg4 49. Kd5 0-1

[Event "XXXI Festival A"]
[Site "Arco ITA"]
[Date "2009.10.21"]
[Round "6"]
[White "Vuelban, Virgilio"]
[Black "Rozentalis, Eduardas"]
[Result "0-1"]
[WhiteElo "2405"]
[BlackElo "2603"]
[PlyCount "106"]
[EventDate "2009.10.17"]

1. e4 g6 2. d4 Bg7 3. Nc3 d6 4. Nf3 Nf6 5. Be2 O-O 6. O-O Bg4 7. Be3 Nc6 8. Qd2
e5 9. d5 Ne7 10. Rad1 Bd7 11. Bg5 Kh8 12. Rfe1 Nfg8 13. Qd3 f5 14. exf5 gxf5
15. Qc4 a6 16. a4 Nf6 17. Nh4 Rc8 18. Qb4 Rb8 19. g3 b5 20. axb5 axb5 21. f4 e4
22. Ng2 Qc8 23. g4 fxg4 24. Bxf6 Rxf6 25. Nxe4 Rh6 26. Ng5 Qe8 27. Bd3 Bf6 28.
Ne4 Nxd5 29. Nxf6 Nxb4 30. Nxe8 Rxe8 31. Rxe8+ Bxe8 32. Re1 Bc6 33. Re7 Nd5 34.
Rf7 Rh5 35. Rf5 Rxf5 36. Bxf5 h5 37. Kf2 Ne7 38. Ne3 Kg7 39. Bd3 b4 40. Kg3 Kf6
41. h3 gxh3 42. Kxh3 Nd5 43. Ng2 Bd7+ 44. Kg3 Bf5 45. Kf3 Bxd3 46. cxd3 c5 47.
Nh4 Ne7 48. Ng2 Nf5 49. Ne1 Ke6 50. Ke4 Nh4 51. Nc2 d5+ 52. Ke3 Kf5 53. d4 b3
0-1

[Event "XXXI Festival A"]
[Site "Arco ITA"]
[Date "2009.10.21"]
[Round "6"]
[White "Wagner, Frank"]
[Black "Giancotti, Eraldo"]
[Result "0-1"]
[WhiteElo "1929"]
[BlackElo "2109"]
[PlyCount "106"]
[EventDate "2009.10.17"]

1. Nf3 d6 2. g3 f5 3. Bg2 Nf6 4. d3 e5 5. O-O g6 6. c4 Bg7 7. Nc3 O-O 8. Qc2
Nc6 9. a3 h6 10. Rb1 g5 11. e3 Be6 12. b4 Ne7 13. Nd2 Rb8 14. Qa4 f4 15. Nde4
Ng4 16. h3 f3 17. Bh1 Nf6 18. Bxf3 Bxh3 19. Nxf6+ Rxf6 20. Bg2 Bxg2 21. Kxg2
Qc8 22. Qd1 Nf5 23. Nd5 Rf7 24. Qh5 c6 25. Nc3 Qe6 26. b5 Rbf8 27. bxc6 bxc6
28. Ne4 Rd8 29. Bd2 Bf8 30. Ba5 Re8 31. Rh1 Be7 32. Rb7 d5 33. Nd2 Qf6 34. Qe2
Bxa3 35. Rxf7 Qxf7 36. cxd5 cxd5 37. Ra1 Bd6 38. e4 Nd4 39. Qg4 Rf8 40. f3 Nc2
41. Nf1 Nxa1 42. Ne3 dxe4 43. Qxe4 Nb3 44. Ng4 Qxf3+ 45. Qxf3 Rxf3 46. Kxf3
Nxa5 47. Nxh6+ Kf8 48. Nf5 Nb7 49. Kg4 Be7 50. Kf3 a5 51. Ne3 a4 52. Ke4 Bc5
53. Nc4 Nd6+ 0-1